Ra, el dios del sol /

保存先:
書誌詳細
第一著者: Quirke, Stephen (autor)
フォーマット: 図書
言語:スペイン語
出版事項: Madrid, España : Oberon, 2003, c2003
主題:
タグ: タグ追加
タグなし, このレコードへの初めてのタグを付けませんか!

MARC

LEADER 00000nam^a2200000^a^4500
001 000152706
005 20250521000000.0
009 20260310100255.255
020 |a 84-96052-18-4 
037 |a Acervo ITESO - Biblioteca 
041 |a ESP 
082 |a 291. 130962011  |b QUI 
100 |a Quirke, Stephen  |e (autor) 
245 1 0 |a Ra, el dios del sol /  |c S. Quirke ; tr. por José Miguel Parra Ortíz. 
264 4 |a Madrid, España :  |b Oberon,  |c 2003, c2003 
300 |a 227 p. 
336 |a texto  |b txt  |2 rdacontenido 
337 |a sin mediación  |b n  |2 rdamedio 
338 |a volumen  |b nc  |2 rdasoporte 
500 |a Traducción de: The Cult of Ra 
649 |a XX 
650 |a Mitología Egipcia 
650 |a Ritos Funerarios -  |z Egipto -  |x Historia 
650 |a Ritos Religiosos -  |z Egipto -  |x Historia 
650 |a Culto Religioso -  |z Egipto -  |x Historia 
650 |a Religión -  |z Egipto -  |x Historia 
650 |a Religión Comparada 
650 |a Religión -  |x Historia 
650 |a Egipto -  |x Historia -  |y Imperio Nuevo, 1567-1085 a.C 
650 |a Egipto -  |x Historia -  |y Segundo Intermedio, 1786-1567 a.C 
650 |a Egipto -  |x Historia -  |y Imperio Medio, 2040-1786 a.C 
650 |a Egipto -  |x Historia -  |y Período Intermedio, 2181-2040 a.C 
650 |a Egipto -  |x Historia -  |y Imperio Antiguo, 2686-2181 a.C 
650 |a Egipto -  |x Historia -  |y Período Dinástico, 3100-2686 a.C 
650 |a Historia Antigua 
910 |a Fondo General 
920 |a Impresos - Libros 
930 |a Colección General 
905 |a 101 
901 |a 0500081984  |b IT1  |c ACC  |u 20250521 
902 |a https://opac.biblio.iteso.mx/vufind/Record/000152706